000 00766nam a22002537a 4500
005 20140310183633.0
008 131123b xxu||||| |||| 00| 0 eng d
020 _a9781446256541
050 _aRJ 504
_b.G315 2013
100 _aGeldard, Kathryn
245 _aCounselling children :
_ba practical introduction /
_cKathryn Geldard, David Geldard.
250 _a4th ed.
260 _aThousand Oaks, CA :
_bSage Publications,
_c2013.
300 _a342 p. :
_c25 cm.
504 _aIncludes Bibliographic References and Index.
521 _aPSYCH
650 _aChildren
_xCounseling of.
650 _aChild psychotherapy.
650 _aCounseling.
700 _aGeldard, David
700 _aYin Foo, Rebecca
942 _2lcc
_cBK
_kFOR
999 _c25658
_d25658